000 00556nam a2200181 4500
001 124285
003 ES-MaACL
005 20230906192349.0
007 t|
008 070214s1976 sp r ||||1| spa d
111 2 _aEncuentro Euroforum (
_cMadrid (
_d1976) (
_n. 1º)
_9219077
245 1 0 _aReforma empresarial y Mercado Común
_b: I Encuentro Euroforum, Madrid /
_cRamón Tamames... [et al.].
250 _a1ª ed.
260 _aMadrid :
_bAvance,
_c1976.
300 _a272 p. ;
_c21 cm.
852 _aES-MaACL
_jA-6111
_bR.95120
999 _c124285
_d124285